000 01291nam a22002897a 4500
005 20240530110927.0
008 220221s2007 ua c g b 000 0 ara d
017 _bمصر. دار الكتب
020 _a978977616380
040 _aEG-CaGPL
_cEG-CaGPL
082 0 4 _221
_a909.3 /
_bم ا
100 0 _aمولينز ، ماريا خيسوس فيجيرا
245 1 0 _aابن خلدون :
_bالبحر المتوسط فى القرن الرابع عشر قيام وسقوط امبراطوريات /
_cتاليف مولينز ، ماريا خيسوس فيجيرا ؛ مقدم اسماعيل سراج الدين ، المنجى بوسنينة ، مشعل بن جاسم ال ثانى
260 _aالاسكندرية :
_bمكتبة الاسكندرية،
_c2007
300 _a461 ص؛
_c24 سم
650 0 7 _aابن خلدون
_2qrmak
650 0 7 _aاقليم البحر المتوسط
_2qrmak
650 0 7 _aحضارة - معارض
_2qrmak
650 0 7 _aتاريخ
_2qrmak
650 0 7 _aوصف ورحلات
_2qrmak
651 _2qrmak
700 _aاسماعيل سراج الدين
_eمقدم
700 _aالمنجى بوسنينة
_eمقدم
700 _aمشعل بن جاسم ال ثانى
_eمقدم
942 _2ddc
_cBK
999 _c66584
_d66584